5 footballeurs les mieux valorisés par pays #2 - Statistiques

Statistiques générales
  • Ce quiz a été pris 258 fois
  • Le résultat moyen est 22 sur 40
Statistiques - réponses
Valeur Club Joueur % Correct
90 M AC Milan Rafael Leão
96%
70 M Manchester City Bernardo Silva
91%
45 M Manchester City Kevin De Bruyne
89%
65 M Manchester City Jérémy Doku
84%
65 M Manchester United Bruno Fernandes
83%
120 M Real Madrid Frederico Valverde
83%
80 M Manchester City Rúben Dias
82%
65 M Liverpool Darwin Núñez
77%
70 M FC Barcelone Ronald Araujo
76%
70 M FC Barcelone Frenkie de Jong
75%
75 M Galatasaray Victor Osimhen
75%
45 M Real Madrid Arda Güler
73%
80 M RB Leipzig Xavi Simons
73%
60 M Paris Saint-Germain João Neves
71%
50 M Real Sociedad Takefusa Kubo
64%
40 M Atalanta Bergame Ademola Lookman
63%
20 m Real Madrid David Alaba
60%
60 M RB Leipzig Loïs Openda
60%
50 M Manchester United Manuel Ugarte
54%
20 M AS Monaco Takumi Minamino
54%
45 M Brighton & Hove Albion Kaoru Mitoma
53%
45 M Inter Milan Hakan Çalhanoğlu
50%
40 M Bayer Leverkusen Victor Boniface
50%
20 M Borussia Dortmund Marcel Sabitzer
48%
55 M Liverpool Cody Gakpo
44%
25 M RC Lens Kevin Danso
44%
55 M Manchester United Matthijs de Ligt
44%
30 M Juventus Kenan Yıldız
43%
35 M Tottenham Rodrigo Bentancur
40%
30 M Bayern Munich Konrad Laimer
39%
55 M Tottenham Micky van de Ven
38%
55 M Aston Villa Amadou Onana
36%
35 M Arsenal Takehiro Tomiyasu
30%
45 M PSV Eindhoven Johan Bakayoko
27%
30 M Bayern Munich Hiroki Ito
24%
25 M Fulham Alex Iwobi
19%
28 M Benfica Orkun Kökçü
17%
30 M Brighton & Hove Albion Ferdi Kadıoğlu
14%
28 M RB Leipzig Xaver Schlager
8%
28 M Nottingham Forest Taiwo Awoniyi
6%
Aucun quiz correspondant
Distribution des résultats
% des personnes avec chaque résultat
Percentile par nombre de réponses
Votre historique - résultats
Vous n’avez pas pris ce quiz